Statistics for modern day countries that the Roman empire had territories in

Click here to take the quiz!

General Stats

  • This quiz has been taken 18 times
    (9 since last reset)
  • The average score is 44 of 48

Answer Stats

HintAnswer% Correct
10%Algeria
100%
96%Armenia
100%
98%Austria
100%
98%Azerbaijan
100%
100%Bosnia and Herzegovina
100%
100%Bulgaria
100%
100%Croatia
100%
48%Egypt
100%
100%France
100%
100%Georgia
100%
23%Germany
100%
2%Iran
100%
47%Iraq
100%
100%Italy
100%
9%Libya
100%
100%Liechtenstein
100%
100%Luxembourg
100%
12%Morocco
100%
100%Portugal
100%
100%San Marino
100%
5%Saudi Arabia
100%
100%Serbia
100%
100%Slovenia
100%
100%Spain
100%
100%Switzerland
100%
84%Syria
100%
69%Tunisia
100%
50%United Kingdom
100%
100%Vatican city
100%
100%Albania
89%
100%Andorra
89%
100%Belguim
89%
100%Cyprus
89%
100%Greece
89%
74%Hungary
89%
100%Israel
89%
63%Jordan
89%
100%Kosovo
89%
20%Kuwait
89%
100%Lebanon
89%
100%Malta
89%
8%Netherlands
89%
0.8%Russia
89%
99%Turkey
89%
100%Monaco
78%
100%Montenegro
67%
73%Romania
67%
100%North Macadonia
0%

Score Distribution

Percentile by Number Answered

Percent of People with Each Score

Your Score History

You have not taken this quiz since the last reset